Országgyűlési Törvénycikkek 1912-dik évi

Bibliographic Details
Format: Book
Language:Undetermined
PhysicalDescription:1204 s.
Published: Budapest Ráth Mór 1913

MARC

LEADER 00000nam a2200000 a 4500
001 vtls001387154
003 SK-MaSNL
005 20260223220547.0
008 180810s1913 xx 0 und
035 |a SNK000341339 
040 |a SNK  |b slo  |c SNK  |e AACR2 
044 |a xx 
245 1 |a Országgyűlési Törvénycikkek 1912-dik évi 
260 |a Budapest  |b Ráth Mór  |c 1913 
300 |a 1204 s. 
958 |a ONDV 
999 |c 723219  |d 725149 
952 |t P60, <06>, [BOOK], {606}  |a SNK  |b SNK  |y PREZ  |7 0  |p 17A0235615  |o snkČE 52/1912  |0 0  |1 1  |4 0  |d 2000-04-14  |l 0  |r 2005-01-02 00:00:00  |w 2026-02-23